Statistics for Most Popular Sport By Country

Click here to take the quiz!

General Stats

  • This quiz has been taken 57 times
  • The average score is 10 of 20

Answer Stats

CountrySport% Correct
MexicoSoccer/Football
96%
CanadaIce Hockey
91%
United StatesAmerican Football
78%
IndiaCricket
74%
UruguaySoccer/Football
74%
JapanBaseball
61%
PakistanCricket
59%
ChinaTable Tennis
57%
AustriaSkiing
48%
PanamaBaseball
43%
GuyanaCricket
43%
FinlandIce Hockey
43%
LithuaniaBasketball
41%
FijiSoccer/Football
37%
VenezuelaBaseball
31%
Papua New GuineaRugby
28%
BhutanArchery
22%
PhilippinesBasketball
20%
EstoniaSkiing
19%
LaosKickboxing
4%

Score Distribution

Percentile by Number Answered

Percent of People with Each Score

Your Score History

You have not taken this quiz